Normal view
MARC view
- Paolo Sarpi
Entry Personal Name
001 - CONTROL NUMBER
- control field: 35270
003 - CONTROL NUMBER IDENTIFIER
- control field: IT-RoPau
005 - DATE AND TIME OF LATEST TRANSACTION
- control field: 20150710223837.0
008 - FIXED-LENGTH DATA ELEMENTS
- fixed length control field: 150710|| aca||aabn | a|a d
040 ## - CATALOGING SOURCE
- Original cataloging agency: IT-RoPau
- Transcribing agency: IT-RoPau
100 ## - HEADING--PERSONAL NAME
- Personal name: Paolo Sarpi
670 ## - SOURCE DATA FOUND
- Source citation: Work cat.: (IT-RoPau)24953: Paolo Sarpi, Scritti filosofici inediti. (Pensieri, l’arte del pensare). A cura di Giovanni Papini